000 00447pab a2200169 454500
008 180718b2002 xxu||||| |||| 00| 0 eng d
100 _aDeepender Kumar
245 _aGlobal climage change: a case study of Bangladesh
260 _c2002
300 _ap.55-58.
362 _aNov
650 _aClimatic change - Case studies
650 _aClimatic change - Bangladesh
650 _aClimatic change
773 _aThird Concept
909 _a54387
999 _c54387
_d54387